000 00750nam a22002177a 4500
999 _c9539
_d9539
003 AR-CdUCM
008 190328b ||||| |||| 00| 0 spa d
040 _aMUNICIPALIDAD PROVINCIAL DEL CUSCO
_cBIBLIOTECA MUNICIPAL DEL CUSCO
082 _aC / 861.437 /
_bB57S
100 _aBlanco Moheno, Roberto
_925811
245 _aSalvador Dias Miron /
_cBiblioteca Enciclopedica Popular
260 _aMéxico :
_bSecretaria de Educacion Publica ,
_c1947.
300 _a90 páginas ;
_c19.2 cm
440 _aBiblioteca Enciclopedica Popular
_n151
_925812
500 _aPoemas de Salvador Dias Miron
650 _aPoesia Mexicana
_92387
650 _aPoesia Centroamericana
_925813
650 _aPoesia en Prosa
_917039
942 _2ddc
_cLIBROS
945 _artm